Gautier Dalché P. (dir.)(2013). La Terre. Connaissance, représentations, mesure au Moyen Âge. Turnhout : Éditions Brepols, coll. « L’atelier du médiéviste », n° 13, 710 p. (notice n° 1584825)

détails MARC
000 -LEADER
fixed length control field 02038cam a2200169 4500500
005 - DATE AND TIME OF LATEST TRANSACTION
control field 20251228052926.0
041 ## - LANGUAGE CODE
Language code of text/sound track or separate title fre
042 ## - AUTHENTICATION CODE
Authentication code dc
100 10 - MAIN ENTRY--PERSONAL NAME
Personal name Garcier, Romain J.
Relator term author
245 00 - TITLE STATEMENT
Title Gautier Dalché P. (dir.)(2013). La Terre. Connaissance, représentations, mesure au Moyen Âge. Turnhout : Éditions Brepols, coll. « L’atelier du médiéviste », n° 13, 710 p.
260 ## - PUBLICATION, DISTRIBUTION, ETC.
Date of publication, distribution, etc. 2014.<br/>
500 ## - GENERAL NOTE
General note 25
520 ## - SUMMARY, ETC.
Summary, etc. Les déchets radioactifs de faible activité sont soumis aujourd’hui à un impératif de « gestion ». En mobilisant un cadre théorique entre la géographie et le droit, l’article montre que cette gestion en France est actualisée par un « dispositif géo-légal » – un ensemble de normes juridiques qui vise à contrôler la circulation spatiale des matières. En analysant l’émergence et le fonctionnement de ce dispositif, nous nous interrogeons sur la productivité spatiale des dispositifs normatifs de gestion des choses. Nous montrons que le dispositif crée des tensions liées à ses conséquences matérielles (la saturation des sites de stockage) et à son coût, compromettant ainsi sa stabilité.
520 ## - SUMMARY, ETC.
Summary, etc. Disperse, confine or recycle?Since the 1960s, “managing” radioactive waste has become a policy imperative. Set in a legal geography framework, this paper shows that in France low-level waste management hinges on a “geo-legal dispositive” – a set of legal norms intended to control the spatial circulation of radioactive materials. By analyzing the genesis and the operation of the dispositive, the paper unpacks the spatial productivity of normative mechanisms for the management of things. The paper demonstrates that the existing dispositive has created unintended consequences (disposal site saturation, costs) that compromise its stability.
786 0# - DATA SOURCE ENTRY
Note L’Espace géographique | 43 | 3 | 2014-11-14 | p. 284b-286b | 0046-2497
856 41 - ELECTRONIC LOCATION AND ACCESS
Uniform Resource Identifier <a href="https://shs.cairn.info/revue-espace-geographique-2014-3-page-284b?lang=fr&redirect-ssocas=7080">https://shs.cairn.info/revue-espace-geographique-2014-3-page-284b?lang=fr&redirect-ssocas=7080</a>

Pas d'exemplaire disponible.

PLUDOC

PLUDOC est la plateforme unique et centralisée de gestion des bibliothèques physiques et numériques de Guinée administré par le CEDUST. Elle est la plus grande base de données de ressources documentaires pour les Étudiants, Enseignants chercheurs et Chercheurs de Guinée.

Adresse

627 919 101/664 919 101

25 boulevard du commerce
Kaloum, Conakry, Guinée

Réseaux sociaux

Powered by Netsen Group @ 2025